Engineering principles of ground modifications (Record no. 531745)
[ view plain ]
| 000 -LEADER | |
|---|---|
| fixed length control field | 00239nam a2200097 4500 |
| 040 ## - CATALOGING SOURCE | |
| Transcribing agency | DLC |
| 082 ## - DEWEY DECIMAL CLASSIFICATION NUMBER | |
| Classification number | 624.15136 |
| Author Mark | HAU |
| 100 ## - MAIN ENTRY--PERSONAL NAME | |
| Personal name | Hausmann, Manfred R. |
| 9 (RLIN) | 24745 |
| 245 ## - TITLE STATEMENT | |
| Title | Engineering principles of ground modifications |
| 942 ## - ADDED ENTRY ELEMENTS (KOHA) | |
| Source of classification or shelving scheme | |
| Koha item type | Book |
| Withdrawn status | Lost status | Source of classification or shelving scheme | Damaged status | Not for loan | Permanent Location | Current Location | Date acquired | Total Checkouts | Full call number | Barcode | Date last seen | Date last checked out | Price effective from | Koha item type |
|---|---|---|---|---|---|---|---|---|---|---|---|---|---|---|
| School of Civil and Environmental Engineering (SCEE) | School of Civil and Environmental Engineering (SCEE) | 10/24/2019 | 1 | 624.15136 HAU | NIT-5639 | 09/09/2021 | 10/24/2019 | 10/24/2019 | Book |
